书目信息 |
| 题名: |
50部必知的美术经典
|
|
| 作者: | 祝博 , 胡峻峰 编著 | |
| 分册: | ||
| 出版信息: | 北京 北京工业大学出版社 2006 |
|
| 页数: | 247页 | |
| 开本: | 23cm | |
| 丛书名: | 《大师经典·读书计划》丛书 | |
| 单 册: | ||
| 中图分类: | J051 | |
| 科图分类: | ||
| 主题词: | 美术--作品--简介--世界 , 美术 | |
| 电子资源: | ||
| ISBN: | 7-5639-1614-8 | |
| 000 | 01013oam2 2200265 450 | |
| 001 | 010040031308 | |
| 005 | 20061227142140.06 | |
| 010 | @a7-5639-1614-8@dCNY39.80 | |
| 100 | @a20060304d2006 em y0chiy0110 ea | |
| 101 | 0 | @achi |
| 102 | @aCN@b110000 | |
| 105 | @aa z 000yy | |
| 200 | 1 | @a50部必知的美术经典@950 bu bi zhi de mei shu jing dian@e推介·导读@f祝博,胡峻峰编著 |
| 210 | @a北京@c北京工业大学出版社@d2006 | |
| 215 | @a247页@c图@d23cm | |
| 225 | 2 | @a《大师经典·读书计划》丛书 |
| 330 | @a优秀的美术作品中辐射出的某种观念、某种思想、某种情绪,能紧紧地抓住观赏者的心弦,能给人以充分的审美感受,并使人从中获得某种启迪和教育。本书将向您达·芬奇、米开朗基罗·博那罗蒂、拉斐尔·桑齐奥等30位艺术大师最优秀的代表作。 | |
| 461 | 0 | @12001 @a《大师经典·读书计划》丛书@1701 0@a张玉斌@4主编 |
| 606 | 0 | @a美术@x作品@x简介@y世界 |
| 606 | 0 | @a美术 |
| 690 | @aJ051@v4 | |
| 701 | 0 | @a祝博@9zhu bo@4编著 |
| 701 | 0 | @a胡峻峰@9hu jun feng@4编著 |
| 801 | 0 | @aCN@bRENTIAN@c20061227 |
| 905 | @a10447@dJ051@e154 | |
| 50部必知的美术经典:推介·导读/祝博,胡峻峰编著.-北京:北京工业大学出版社,2006 |
| 247页:图;23cm.-(《大师经典·读书计划》丛书) |
| ISBN 7-5639-1614-8:CNY39.80 |
| 优秀的美术作品中辐射出的某种观念、某种思想、某种情绪,能紧紧地抓住观赏者的心弦,能给人以充分的审美感受,并使人从中获得某种启迪和教育。本书将向您达·芬奇、米开朗基罗·博那罗蒂、拉斐尔·桑齐奥等30位艺术大师最优秀的代表作。 |
| ● |
| 相关链接 |
|
|
|
|
正题名:50部必知的美术经典
索取号:J051/154
 
预约/预借
| 序号 | 登录号 | 条形码 | 馆藏地/架位号 | 状态 | 备注 |
| 1 | 0391645 | 203916450 | 第一样本阅览室/ [索取号:J051/154] | 在馆 | |
| 2 | 0391646 | 203916469 | 第一借阅区/ [索取号:J051/154] | 在馆 | |
| 3 | 0391647 | 203916478 | 第一借阅区/ [索取号:J051/154] | 在馆 | |
| 4 | 0391648 | 203916487 | 第一借阅区/ [索取号:J051/154] | 在馆 | |
| 5 | 0391649 | 203916496 | 第一借阅区/ [索取号:J051/154] | 在馆 | |
| 6 | 0609137 | 206091370 | 第一借阅区/ [索取号:J051/154] | 在馆 | |
| 7 | 0609138 | 206091389 | 第一借阅区/ [索取号:J051/154] | 在馆 | |
| 8 | 0609139 | 206091398 | 第一借阅区/ [索取号:J051/154] | 在馆 | |
| 9 | 0609140 | 206091405 | 第一借阅区/ [索取号:J051/154] | 在馆 | |
| 10 | 0609141 | 206091414 | 第一借阅区/ [索取号:J051/154] | 在馆 | |
| 11 | 0609142 | 206091423 | 第一借阅区/ [索取号:J051/154] | 在馆 | |
| 12 | 0609143 | 206091432 | 第一借阅区/ [索取号:J051/154] | 在馆 | |
| 13 | 0609144 | 206091441 | 第一借阅区/ [索取号:J051/154] | 在馆 |